Lumière sur l'Uruguay - Statistiques

Statistiques générales
  • Ce quiz a été pris 21 fois
  • Le résultat moyen est 7 sur 10
Statistiques - réponses
Hint Réponse % Correct
Combien de Coupes du Monde de football l’Uruguay a-t-il remportées ? 2
95%
Quelle est la capitale de l’Uruguay ? Montevideo
95%
Quel océan borde l’Uruguay ? Atlantique
89%
Quel pays se situe au nord de l’Uruguay ? Brésil
89%
Quelle est la langue officielle de l’Uruguay ? Espagnol
89%
Quel est le sport le plus populaire en Uruguay ? Football
84%
Quel symbole est sur le drapeau national de l’Uruguay ? Soleil
79%
En quelle année l’Uruguay a-t-il organisé la première Coupe du Monde de football ? 1930
68%
Quel fleuve forme une frontière naturelle entre l’Uruguay et l’Argentine ? Uruguay
21%
Quelle station balnéaire uruguayenne est très connue en Amérique du Sud ? Punta del Este
16%
Aucun quiz correspondant
Distribution des résultats
% des personnes avec chaque résultat
Percentile par nombre de réponses
Votre historique - résultats
Vous n’avez pas pris ce quiz